Catálogo

Vista normal Vista MARC

Entrada Personal Name

Número de registros utilizados en: 1

001 - CONTROL NUMBER

  • control field: 8690

003 - CONTROL NUMBER IDENTIFIER

  • control field: DLC

005 - DATE AND TIME OF LATEST TRANSACTION

  • control field: 20221206091424.0

008 - FIXED-LENGTH DATA ELEMENTS

  • fixed length control field: 790321n| azannaabn |a aaa

010 ## - LIBRARY OF CONGRESS CONTROL NUMBER

  • LC control number: n 79024444

035 ## - SYSTEM CONTROL NUMBER

  • System control number: (OCoLC)oca00258199

040 ## - CATALOGING SOURCE

  • Original cataloging agency: DLC
  • Language of cataloging: spa
  • Description conventions: rda
  • Transcribing agency: Mx-PuUPA
  • Modifying agency: DLC
  • Modifying agency: OCoLC
  • Modifying agency: FU
  • Modifying agency: Mx-PuUPA

100 1# - HEADING--PERSONAL NAME

  • Personal name: Martínez Llopis, M.,

372 ## - FIELD OF ACTIVITY

  • Field of activity: Gastronomía
  • Field of activity: Historia de la alimentación

373 ## - ASSOCIATED GROUP

  • Associated group: Escuela Superior de Hostelería de Madrid
  • Associated group: Academia Española de Gastronomía

374 ## - OCCUPATION

  • Occupation: Autor
  • Occupation: Médico
  • Occupation: Especialista en Nutrición
  • Occupation: Profesor universitario

375 ## - GENDER

  • Gender: hombre

377 ## - ASSOCIATED LANGUAGE

  • Language code: spa

400 1# - SEE FROM TRACING--PERSONAL NAME

  • Personal name: Martínez Llopis, Manuel

400 1# - SEE FROM TRACING--PERSONAL NAME

  • Personal name: Llopis, M. Martínez

670 ## - SOURCE DATA FOUND

  • Source citation: His Aguardientes y licores, c1978:
  • Information found: t.p. (Dr. M. Martínez Llopis) verso of t.p. (Dr. Manuel Martínez Llopis)

670 ## - SOURCE DATA FOUND

  • Source citation: Historia de la gastronomía espanola, c1995:
  • Information found: t.p. (Manuel Matiínez Llopis) jkt. (b. in Madrid on 11-19-08)

670 ## - SOURCE DATA FOUND

  • Source citation: Biblioteca del congreso (Estados Unidos), 21 diciembre 2018:
  • Information found: catálogo electrónico
  • Uniform Resource Identifier: https://goo.gl/GsvDPe